| 000 | 00696nam a22001697a 4500 | ||
|---|---|---|---|
| 005 | 20241114090405.0 | ||
| 008 | 241113b |||||||| |||| 00| 0 eng d | ||
| 020 | _a9786214150450 | ||
| 082 | _aDFil 371.12076 D377 2024 | ||
| 100 |
_aDe Leon, Elmer B. _946406 |
||
| 245 |
_aLET comprehensive reviewer : _bbased on 2022 enhanced table of specifications(TOS) for the board licensure examination for professional teachers ( BLEPT) / _cElmer B. De Leon. |
||
| 260 |
_aQuezon City : _bLorimar Publishing Inc., _c©2024. |
||
| 300 |
_aviii, 108 pages : _billustrations ; _c25 cm. |
||
| 650 | 0 |
_aEducation _xExaminations. _964108 |
|
| 650 | 0 |
_aTeacher examination _xReviewer. _964109 |
|
| 942 |
_2ddc _cDFIL |
||
| 999 |
_c23197 _d23197 |
||